00241nam a2200109Ia 4500008004100000100001500041245002500056250000800081260002600089300000800115650000800123191201s2009 xx 000 0 und d aGHOSH, P K 0aIndustrial Marketing a2nd aN.DelhibOxfordc2009 a568 aMBA